[Event "Landsturneringen 2015"]
[Site "Oppsal arena, Oslo"]
[Date "2015.07.09"]
[Round "7"]
[White "Gausel, Einar J"]
[Black "Elsness, Frode"]
[Result "1-0"]
[WhiteElo "2485"]
[BlackElo "2434"]
[PlyCount "71"]
[EventDate "2015.??.??"]
[TimeControl "6000+630"]
[WhiteClock "0:59:52"]
[BlackClock "0:30:37"]

1. d4 Nf6 2. Nf3 e6 3. e3 b6 4. Bd3 Bb7 5. O-O d5 6. c4 Bd6 7. Nc3 O-O 8. b3
Ne4 9. Bb2 f5 10. Nb5 Be7 11. cxd5 a6 12. Nc3 exd5 13. Ne2 Bd6 14. Ne5 Nd7 15.
f3 Ng5 16. Ng3 g6 17. f4 Ne4 18. Nxe4 fxe4 19. Be2 Qe7 20. Rc1 Rae8 21. Rc2 Bc8
22. a4 Bb7 23. Qc1 Nb8 24. Rf2 Bc8 25. b4 Be6 26. b5 axb5 27. axb5 Nd7 28. Bd1
Ra8 29. g3 Rfe8 30. Nc6 Qf8 31. g4 Kh8 32. g5 Bh3 33. Ne5 Qf5 34. Rc6 Nb8 35.
Rc3 Nd7 36. Bb3
1-0

[Event "Landsturneringen 2015"]
[Site "Oppsal arena, Oslo"]
[Date "2015.07.09"]
[Round "7"]
[White "Østenstad, Berge"]
[Black "Mikalsen, Erlend"]
[Result "1-0"]
[WhiteElo "2456"]
[BlackElo "2334"]
[PlyCount "93"]
[EventDate "2015.??.??"]
[WhiteClock "0:20:43"]
[BlackClock "0:33:59"]

1. Nf3 d5 2. d4 Nf6 3. c4 e6 4. Nc3 Be7 5. Bf4 O-O 6. e3 c5 7. dxc5 Qa5 8. Rc1
Nc6 9. Bd6 Bxd6 10. cxd6 Qb4 11. cxd5 exd5 12. Qd2 Qxd6 13. Be2 Be6 14. O-O a6
15. Rfd1 Rfd8 16. Qc2 Rac8 17. Qa4 Qe7 18. Nd4 Ne5 19. Qb3 b5 20. a3 Nc4 21.
Bf3 Rd7 22. a4 bxa4 23. Nxa4 Rdc7 24. Rc3 Bd7 25. Nb6 Nxb6 26. Rxc7 Rxc7 27.
Qxb6 Bc8 28. h3 Qc5 29. Qxc5 Rxc5 30. Kf1 Kf8 31. Ke1 Ke7 32. Ra1 a5 33. Rxa5
Rc1+ 34. Kd2 Rf1 35. Ke2 Rb1 36. Ra2 Ne4 37. Bg4 Be6 38. Bf5 Bxf5 39. Nxf5+ Kf6
40. Nd4 Rg1 41. Ra6+ Ke7 42. f3 Nd6 43. Kf2 Rb1 44. b3 Rb2+ 45. Kg3 Ne8 46.
Ra7+ Kf6 47. Rd7 
1-0

[Event "Landsturneringen 2015"]
[Site "Oppsal arena, Oslo"]
[Date "2015.07.09"]
[Round "7"]
[White "Hole, Øystein"]
[Black "Christiansen, Johan-Sebastian"]
[Result "0-1"]
[WhiteElo "2348"]
[BlackElo "2409"]
[PlyCount "174"]
[EventDate "2015.??.??"]
[WhiteClock "0:07:12"]
[BlackClock "0:02:00"]

1. Nf3 f5 2. c4 Nf6 3. g3 d6 4. d4 g6 5. Bg2 Bg7 6. O-O O-O 7. Nc3 Qe8 8. d5
Na6 9. Be3 Bd7 10. Rc1 c6 11. Qd2 Ng4 12. Bf4 Nc5 13. Nd4 h6 14. h4 g5 15. hxg5
Bxd4 16. Qxd4 Qh5 17. Rfd1 hxg5 18. Bd2 Ne4 19. Nxe4 fxe4 20. Be3 Qh2+ 21. Kf1
Qxg3 22. Kg1 Qh2+ 23. Kf1 Nxf2 24. Bxf2 Bh3 25. Ke1 Qxg2 26. Rc3 g4 27. Bh4
Rf1+ 28. Kd2 Rxd1+ 29. Kxd1 Rf8 30. Qe3 Rf7 31. Qg5+ Rg7 32. Qh5 Qf1+ 33. Kd2
Qf7 34. Qxf7+ Rxf7 35. Ke3 Rh7 36. Bg3 Rh5 37. Kxe4 cxd5+ 38. cxd5 Bg2+ 39. Ke3
Bxd5 40. Rc7 Kf8 41. a3 Bc6 42. Rc8+ Kf7 43. Rc7 Ke6 44. b4 a5 45. Kf4 axb4 46.
axb4 Rb5 47. Be1 Re5 48. Kxg4 Rxe2 49. Bh4 Kf7 50. b5 Bd5 51. Bg5 Ke8 52. Kf5
Kd8 53. b6 Re5+ 54. Kg6 Be4+ 55. Kh6 Re6+ 56. Kh5 Bc6 57. Bd2 Re2 58. Bg5 d5
59. Kg6 Ke8 60. Bf4 Rb2 61. Bg5 Re2 62. Bf4 Re6+ 63. Kg7 d4 64. Rc8+ Kd7 65.
Rc7+ Ke8 66. Rc8+ Kd7 67. Rc7+ Kd8 68. Bg5 Re5 69. Bf4 d3 70. Bxe5 d2 71. Rxc6
d1=Q 72. Rg6 Qh5 73. Bc7+ Kd7 74. Rg3 e5 75. Kf6 Qh4+ 76. Rg5 e4 77. Kf5 e3 78.
Bg3 Qh3+ 79. Kf4 Qf1+ 80. Kg4 Qc4+ 81. Kf3 Qc6+ 82. Ke2 Qc2+ 83. Kf3 Qd1+ 84.
Kg2 Kc6 85. Re5 Qe2+ 86. Kh3 Kxb6 87. Kh4 Qf3 
0-1

[Event "Landsturneringen 2015"]
[Site "Oppsal arena, Oslo"]
[Date "2015.07.09"]
[Round "7"]
[White "Fossan, Petter"]
[Black "Fossan, Erik"]
[Result "1-0"]
[WhiteElo "2308"]
[BlackElo "2356"]
[PlyCount "119"]
[EventDate "2015.??.??"]
[WhiteClock "0:15:03"]
[BlackClock "0:20:44"]

1. d4 Nf6 2. c4 e6 3. Nf3 c5 4. d5 b5 5. Bg5 exd5 6. cxd5 d6 7. e4 a6 8. a4 Be7
9. Bxf6 Bxf6 10. axb5 Bxb2 11. Ra2 Bf6 12. Bd3 O-O 13. O-O Bb7 14. Nbd2 axb5
15. Rxa8 Bxa8 16. Bxb5 Nd7 17. Qa4 Nb6 18. Qa5 Qc7 19. Nc4 Rb8 20. Rb1 Nxd5 21.
exd5 Qxa5 22. Nxa5 Bxd5 23. Nd2 Ba2 24. Nc6 Rb6 25. Re1 Be6 26. Ba4 Ra6 27. Rb1
g6 28. Bb5 Rb6 29. Ne4 Bg7 30. Nxd6 Bf8 31. Ne4 Bc4 32. Na7 Rb7 33. Nc3 Be6 34.
Nc6 Bf5 35. Bd3 Rxb1+ 36. Bxb1 Bc8 37. Bd3 Be6 38. Kf1 Bd6 39. h3 Kf8 40. Ke2
Bd7 41. Be4 Bc8 42. Bd5 Ba6+ 43. Ke3 Ke8 44. Ne4 Kd7 45. Nf6+ Kc7 46. Na5 Be5
47. Nxh7 f6 48. Nc4 Bd4+ 49. Kf3 g5 50. Nf8 Bxc4 51. Bxc4 Kd6 52. Ne6 Bc3 53.
Ke4 Be1 54. Kf5 Bc3 55. f4 gxf4 56. Nxf4 Bb2 57. h4 Ke7 58. Ng6+ Ke8 59. h5 Bc1
60. Kxf6 
1-0

[Event "Landsturneringen 2015"]
[Site "Oppsal arena, Oslo"]
[Date "2015.07.09"]
[Round "7"]
[White "Sagafos, Magne"]
[Black "Nilsen, Joachim B."]
[Result "1-0"]
[WhiteElo "2409"]
[BlackElo "2369"]
[PlyCount "131"]
[EventDate "2015.??.??"]
[WhiteClock "0:02:38"]
[BlackClock "0:15:55"]

1. e4 e5 2. Nf3 Nc6 3. Bc4 Bc5 4. d3 Nf6 5. Nc3 d6 6. Bg5 h6 7. Bxf6 Qxf6 8.
Nd5 Qd8 9. c3 Ne7 10. d4 exd4 11. cxd4 Bb6 12. Nxb6 axb6 13. Qb3 O-O 14. O-O
Ra5 15. Rac1 Bg4 16. d5 Bxf3 17. Qxf3 Kh8 18. Qc3 f5 19. b4 Ra8 20. e5 dxe5 21.
Qxe5 Ng6 22. Qg3 Qd6 23. Qxd6 cxd6 24. Bb3 Rac8 25. Rce1 Ne5 26. f4 Nc4 27. Rf2
b5 28. Re6 Rf7 29. Rc2 Rfc7 30. Kf2 Kg8 31. Ke2 Kf7 32. Kd3 Kf8 33. g3 Kf7 34.
Kd4 Kf8 35. Kd3 Kf7 36. h3 h5 37. Kd4 Kf8 38. Kd3 Kf7 39. h4 Kf8 40. Kd4 Kf7
41. Kd3 Kf8 42. Bxc4 bxc4+ 43. Kd4 Kf7 44. Rxd6 Re7 45. Re6 Rxe6 46. dxe6+ Kxe6
47. Rxc4 Ra8 48. Rc7 Kf6 49. Rc2 Ke6 50. Kc4 Ra3 51. Kb5 Rxg3 52. Kb6 Rf3 53.
Kxb7 Rxf4 54. b5 Rxh4 55. Kc7 Rb4 56. b6 g5 57. b7 Rxb7+ 58. Kxb7 h4 59. a4 h3
60. a5 g4 61. a6 g3 62. a7 h2 63. Rc1 g2 64. Re1+ Kf6 65. a8=Q h1=Q 66. Qa1+
1-0

[Event "Landsturneringen 2015"]
[Site "Oppsal arena, Oslo"]
[Date "2015.07.09"]
[Round "7"]
[White "Djurhuus, Eivind X"]
[Black "Grønn, Atle"]
[Result "1-0"]
[WhiteElo "2149"]
[BlackElo "2341"]
[PlyCount "113"]
[EventDate "2015.??.??"]
[WhiteClock "0:02:59"]
[BlackClock "0:07:56"]

1. Nf3 f5 2. g3 Nf6 3. Bg2 g6 4. d4 Bg7 5. O-O O-O 6. b3 Ne4 7. Bb2 Nc6 8. c4
d6 9. Nc3 e6 10. Nxe4 fxe4 11. Ne1 d5 12. e3 Ne7 13. f3 Nf5 14. Qd2 Bh6 15. Nc2
exf3 16. Bxf3 c6 17. Qe2 dxc4 18. bxc4 e5 19. d5 Qb6 20. Rab1 e4 21. Bxe4 Re8
22. Qd3 cxd5 23. Bxd5+ Be6 24. Bd4 Qd6 25. Bxb7 Rad8 26. Qc3 Qc7 27. c5 Bxa2
28. Rb2 Bf7 29. Bg2 Rb8 30. Rfb1 Rxb2 31. Rxb2 Nxd4 32. exd4 Re2 33. Nb4 Qe7
34. Rxe2 Qxe2 35. Nc2 Qd1+ 36. Kf2 Bd2 37. Qd3 Kf8 38. d5 g5 39. Bf3 Qc1 40.
Qxh7 Bc3 41. Qd3 Bb4 42. c6 Bd6 43. Ne3 a5 44. Nc4 Bb8 45. Qb3 Bc7 46. Qa3+
Qxa3 47. Nxa3 Ke7 48. Nb5 Bb6+ 49. Ke1 a4 50. d6+ Kf6 51. c7 Be6 52. Bc6 Bg4
53. d7 Ba5+ 54. Kf1 Bxd7 55. Bxd7 Bxc7 56. Nxc7 a3 57. Be6 
1-0

[Event "Landsturneringen 2015"]
[Site "Oppsal arena, Oslo"]
[Date "2015.07.09"]
[Round "7"]
[White "Stubberud, Ørnulf"]
[Black "Skrondal, Inge Sandstad"]
[Result "1/2-1/2"]
[WhiteElo "2306"]
[BlackElo "2271"]
[PlyCount "39"]
[EventDate "2015.??.??"]
[WhiteClock "0:14:46"]
[BlackClock "0:36:16"]

1. d4 Nf6 2. Nf3 e6 3. e3 c5 4. Bd3 b6 5. O-O Bb7 6. Nbd2 Be7 7. b3 cxd4 8.
Nxd4 Nc6 9. c4 Nxd4 10. exd4 O-O 11. Bb2 Rc8 12. Qe2 d5 13. Rac1 Qd6 14. Rc2
Qf4 15. Rfc1 Nd7 16. g3 Qb8 17. f4 Rfe8 18. Qe3 dxc4 19. bxc4 Nf6 20. Be2
1/2-1/2

[Event "Landsturneringen 2015"]
[Site "Oppsal arena, Oslo"]
[Date "2015.07.09"]
[Round "7"]
[White "Moen, Andreas G.R."]
[Black "Røyset, Pål"]
[Result "1/2-1/2"]
[WhiteElo "2361"]
[BlackElo "2236"]
[PlyCount "137"]
[EventDate "2015.??.??"]
[WhiteClock "0:03:42"]
[BlackClock "0:01:12"]

1. e4 e5 2. Nf3 Nc6 3. Bb5 a6 4. Ba4 Nf6 5. O-O Be7 6. Re1 b5 7. Bb3 d6 8. c3
O-O 9. h3 Na5 10. Bc2 c5 11. d4 Qc7 12. Nbd2 cxd4 13. cxd4 Bd7 14. Nf1 Nc6 15.
d5 Nb4 16. Bb1 a5 17. Bd2 Na6 18. Bc2 Rfc8 19. Rc1 Nc5 20. N3h2 g6 21. Ng4 Qd8
22. Nh6+ Kg7 23. Qf3 Be8 24. Ne3 Bd7 25. g4 Qf8 26. g5 Ng8 27. Neg4 Bxg4 28.
Nxg4 Qd8 29. h4 f6 30. gxf6+ Nxf6 31. Bh6+ Kg8 32. Nxf6+ Bxf6 33. Kg2 Ra7 34.
Rh1 Bxh4 35. Qg4 Bf6 36. f4 Rac7 37. f5 g5 38. Rcf1 Qe7 39. Rh5 Kh8 40. Kh1 Nd7
41. Bd3 b4 42. Rg1 Rc1 43. Rxc1 Rxc1+ 44. Kh2 Rc7 45. Bb5 Nc5 46. Kg2 a4 47.
Kf3 a3 48. bxa3 bxa3 49. Bxg5 Qg7 50. Bxf6 Qxf6 51. Qg5 Qxg5 52. Rxg5 Rg7 53.
Rh5 Rb7 54. Bc6 Rb1 55. Rh6 Rf1+ 56. Kg2 Ra1 57. Rxd6 Nxe4 58. Rd8+ Kg7 59. d6
Rxa2+ 60. Kf3 Nf6 61. d7 Rd2 62. Ra8 Nxd7 63. Ra7 a2 64. Bxd7 a1=Q 65. Rxa1
Rxd7 66. Ke4 Re7 67. Ra6 Kf7 68. Rh6 Kg8 69. Re6 
1/2-1/2

[Event "Landsturneringen 2015"]
[Site "Oppsal arena, Oslo"]
[Date "2015.07.09"]
[Round "7"]
[White "Byklum, Bjørnar"]
[Black "Røyset, Jon Kr."]
[Result "0-1"]
[WhiteElo "2300"]
[BlackElo "2279"]
[PlyCount "138"]
[EventDate "2015.??.??"]
[TimeControl "5400+12750"]
[WhiteClock "0:21:27"]
[BlackClock "0:05:27"]

1. d4 Nf6 2. c4 c5 3. d5 e5 4. Nc3 d6 5. e4 Be7 6. Bd3 O-O 7. h3 Nbd7 8. g4 a6
9. a4 Ne8 10. Nf3 Nc7 11. Be3 Re8 12. Qd2 b6 13. b3 Rb8 14. Ke2 Nf6 15. Kf1 Bd7
16. Qe2 g6 17. Kg2 Bf8 18. Nd2 Bg7 19. Rhb1 a5 20. Rh1 Kh8 21. Rag1 Re7 22. Kf1
Ng8 23. h4 h6 24. Ke1 Ne8 25. Qd1 Nef6 26. Be2 Nh7 27. Nf1 Be8 28. Ng3 f6 29.
Qd2 Rf7 30. g5 fxg5 31. hxg5 Rf4 32. gxh6 Bf6 33. Bxf4 exf4 34. Nf1 Qe7 35. Kd1
Bd4 36. Rg2 f3 37. Bxf3 Qf6 38. Qd3 Bxc3 39. Kc2 Bd4 40. Nh2 Ng5 41. Be2 Nf7
42. Qd2 Qh4 43. f4 g5 44. Rg4 Qh3 45. Qe1 Qe3 46. f5 Bf6 47. Qd2 Qxd2+ 48. Kxd2
Ne5 49. Rg3 Rb7 50. Rh3 Rh7 51. Ng4 Nxg4 52. Bxg4 Be5 53. Ke3 Nf6 54. Kf3 Re7
55. Re1 Kh7 56. Re2 Bf4 57. Rh1 Nd7 58. Bh5 Ne5+ 59. Kg2 Bxh5 60. Rxh5 Rf7 61.
Rh1 Rf6 62. Ree1 Rxh6 63. Rxh6+ Kxh6 64. Rh1+ Kg7 65. f6+ Kxf6 66. Rh8 Nd3 67.
Rb8 Ke5 68. Rxb6 g4 69. Rb5 g3
0-1

[Event "Landsturneringen 2015"]
[Site "Oppsal arena, Oslo"]
[Date "2015.07.04"]
[Round "7"]
[White "Urkedal, Frode Olav Olsen"]
[Black "Getz, Nicolai"]
[Result "1/2-1/2"]
[WhiteElo "2512"]
[BlackElo "2386"]
[PlyCount "88"]
[EventDate "2015.??.??"]

1. d4 Nf6 2. c4 e6 3. Nf3 b6 4. g3 Ba6 5. b3 d5 6. Bg2 Bb4+ 7. Bd2 Be7 8. cxd5
exd5 9. O-O O-O 10. Nc3 Re8 11. Ne5 c5 12. dxc5 Bxc5 13. Nd3 Bxd3 14. exd3 Nc6
15. Bg5 Re5 16. Bxf6 Qxf6 17. Bxd5 Bd4 18. Ne4 Qh6 19. Bxc6 Qxc6 20. Rc1 Qd7
21. Rc2 Rd8 22. Qf3 f5 23. Ng5 h6 24. Nh3 g5 25. Qh5 Kg7 26. Rfc1 Rc5 27. Rc4
a5 28. Re1 Bf6 29. Rxc5 bxc5 30. Re3 a4 31. bxa4 Ra8 32. Qe2 Rxa4 33. Qc2 Qa7
34. Qb3 Rxa2 35. Qd5 Qa8 36. Qxa8 Rxa8 37. Kg2 Ra2 38. Ng1 Rd2 39. Nf3 Rd1 40.
Ne5 f4 41. gxf4 gxf4 42. Re4 Bxe5 43. Rxe5 Rxd3 44. Rxc5 Kg6 
1/2-1/2

[Event "Landsturneringen 2015"]
[Site "Oppsal arena, Oslo"]
[Date "2015.07.10"]
[Round "8"]
[White "Gausel, Einar J"]
[Black "Tari, Aryan"]
[Result "0-1"]
[WhiteElo "2485"]
[BlackElo "2499"]
[PlyCount "90"]
[EventDate "2015.??.??"]

1. d4 Nf6 2. Nf3 d5 3. c4 e6 4. e3 Be7 5. b3 O-O 6. Bd3 c5 7. O-O Nc6 8. Bb2
cxd4 9. exd4 b6 10. Nbd2 Nb4 11. Bb1 Bb7 12. a3 Nc6 13. Bd3 Re8 14. Re1 Bf8 15.
Qe2 g6 16. Rac1 Rc8 17. Red1 Bg7 18. h3 Nd7 19. cxd5 exd5 20. Qf1 Nc5 21. Bb5
a6 22. Bxc6 Bxc6 23. a4 Bb7 24. Rc2 Nxb3 25. Rxc8 Qxc8 26. Nxb3 Qc2 27. Re1 Rb8
28. Bc1 Qxb3 29. Bf4 Ra8 30. Rb1 Qxa4 31. Rxb6 Bc6 32. Qb1 Bb5 33. Qe1 Re8 34.
Rb8 Rxb8 35. Bxb8 Bf8 36. Be5 Qb4 37. Qc1 a5 38. Qf4 Qe7 39. Bf6 Qd6 40. Be5
Qe6 41. Qh4 Qe7 42. Bf6 Qe4 43. Qg3 a4 44. Qb8 a3 45. Qa8 Bc6
0-1

[Event "Landsturneringen 2015"]
[Site "Oppsal arena, Oslo"]
[Date "2015.07.10"]
[Round "8"]
[White "Salomon, Johan"]
[Black "Fossan, Petter"]
[Result "1-0"]
[WhiteElo "2419"]
[BlackElo "2308"]
[PlyCount "45"]
[EventDate "2015.??.??"]

1. d4 e6 2. c4 Nf6 3. Nf3 Bb4+ 4. Nbd2 O-O 5. a3 Be7 6. e4 d5 7. e5 Nfd7 8. Bd3
c5 9. h4 g6 10. h5 cxd4 11. Nb3 Nc6 12. Qe2 Re8 13. hxg6 fxg6 14. Bf4 Nf8 15.
O-O-O Qb6 16. Nfd2 a5 17. Qg4 dxc4 18. Bxc4 a4 19. Bd3 Qc7 20. Kb1 axb3 21.
Rxh7 Kxh7 22. Bxg6+ Kg8 23. Bh7+
1-0

[Event "Landsturneringen 2015"]
[Site "Oppsal arena, Oslo"]
[Date "2015.07.10"]
[Round "8"]
[White "Holm, Kristian Stuvik"]
[Black "Østenstad, Berge"]
[Result "1-0"]
[WhiteElo "2398"]
[BlackElo "2456"]
[PlyCount "97"]
[EventDate "2015.??.??"]

1. d4 Nf6 2. c4 c5 3. d5 e5 4. Nc3 d6 5. e4 Nbd7 6. g3 g6 7. Bg2 a6 8. Nge2 Bg7
9. O-O O-O 10. h3 Ne8 11. a4 Rb8 12. Kh2 f5 13. f4 Nef6 14. exf5 gxf5 15. fxe5
Nxe5 16. b3 Bd7 17. Rb1 Qe7 18. Nf4 Kh8 19. Bd2 Rbe8 20. Qc2 Qf7 21. Rbe1 b6
22. Kh1 Nh5 23. Nxh5 Qxh5 24. Ne2 b5 25. axb5 axb5 26. Nf4 Qf7 27. Bc3 Rb8 28.
Ra1 bxc4 29. bxc4 Nxc4 30. Bxg7+ Qxg7 31. Qxc4 Bb5 32. Qa2 Bxf1 33. Rxf1 Rg8
34. Rf3 Rb2 35. Qa6 Qe5 36. Qc4 Rb4 37. Qf1 c4 38. Ne6 Qxd5 39. Rxf5 Qd3 40.
Qf2 Rb1+ 41. Kh2 Qc3 42. Rf8 Rb8 43. Rxb8 Rxb8 44. Nd4 Kg7 45. Qf4 Rb2 46. h4
Qd2 47. Ne6+ Kg6 48. h5+ Kxh5 49. g4+ 
1-0

[Event "Landsturneringen 2015"]
[Site "Oppsal arena, Oslo"]
[Date "2015.07.10"]
[Round "8"]
[White "Elsness, Frode"]
[Black "Urkedal, Frode Olav Olsen"]
[Result "1/2-1/2"]
[WhiteElo "2434"]
[BlackElo "2512"]
[PlyCount "122"]
[EventDate "2015.??.??"]

1. d4 Nf6 2. c4 e6 3. g3 d5 4. Nf3 Bb4+ 5. Bd2 Be7 6. Bg2 O-O 7. O-O c6 8. Qc2
Nbd7 9. Bf4 b6 10. Rd1 Ba6 11. Ne5 Nxe5 12. dxe5 Ng4 13. h3 g5 14. hxg4 gxf4
15. gxf4 Bxc4 16. Nc3 f6 17. exf6 Bxf6 18. e3 Rc8 19. g5 Bh8 20. Bh3 Qe7 21.
Kh2 Rce8 22. Rg1 Bg7 23. Ne4 Kh8 24. Rg4 dxe4 25. Qxc4 e5 26. f5 Rxf5 27. Rg2
Rxg5 28. Qxc6 Rxg2+ 29. Bxg2 Rf8 30. Kg1 Qf7 31. Qc2 Bh6 32. b3 Qf5 33. Re1 Bg5
34. Bxe4 Qg4+ 35. Bg2 Bh4 36. Rf1 Rg8 37. f3 Qg3 38. Qe2 Bg5 39. Rf2 Be7 40. f4
exf4 41. Rxf4 Bc5 42. Rf3 Qe5 43. Kf2 Qa1 44. Rh3 Qf6+ 45. Kg1 Qg5 46. Rf3 Re8
47. Kf2 Qe5 48. Qd2 a5 49. a4 Qa1 50. Qc2 Bb4 51. Kg3 Rg8+ 52. Kh3 Bd6 53. Rf7
Rg3+ 54. Kh4 Rg6 55. Qc8+ Rg8 56. Qc2 Qe1+ 57. Kh5 Rg5+ 58. Kxg5 Qg3+ 59. Kh5
Qh2+ 60. Kg4 Qg3+ 61. Kh5 Qh2+
1/2-1/2

[Event "Landsturneringen 2015"]
[Site "Oppsal arena, Oslo"]
[Date "2015.07.10"]
[Round "8"]
[White "Getz, Nicolai"]
[Black "Djurhuus, Rune"]
[Result "0-1"]
[WhiteElo "2386"]
[BlackElo "2422"]
[PlyCount "98"]
[EventDate "2015.??.??"]

1. e4 e6 2. d4 d5 3. Nd2 a6 4. Ngf3 c5 5. exd5 exd5 6. dxc5 Bxc5 7. Nb3 Bb6 8.
Be2 Nc6 9. c3 Nge7 10. Nfd4 Nf5 11. Nxc6 bxc6 12. O-O O-O 13. Bd3 c5 14. c4 Nd6
15. Nd2 d4 16. Qc2 f5 17. b4 Bb7 18. bxc5 Bxc5 19. Nb3 Ba7 20. Bf4 Ne4 21. f3
Nc5 22. Nxc5 Bxc5 23. Rfe1 Re8 24. Qf2 Qd7 25. Be5 Re7 26. f4 Rae8 27. Re2 g6
28. Rae1 Bc6 29. h3 Bb4 30. Rd1 Bc5 31. Kh2 Ba4 32. Rde1 Bc6 33. Qh4 Re6 34.
Qg3 Qf7 35. Qf2 Be4 36. Rd1 Rxe5 37. fxe5 Rxe5 38. Kh1 Qe7 39. Rde1 Bb4 40.
Bxe4 Rxe4 41. Rxe4 fxe4 42. Rb1 e3 43. Qe2 d3 44. Qxd3 e2 45. Qd5+ Kf8 46. Qa8+
Kg7 47. Qxa6 e1=Q+ 48. Rxe1 Qxe1+ 49. Kh2 Bc5
0-1

[Event "Landsturneringen 2015"]
[Site "Oppsal arena, Oslo"]
[Date "2015.07.10"]
[Round "8"]
[White "Christiansen, Johan-Sebastian"]
[Black "Sagafos, Magne"]
[Result "1-0"]
[WhiteElo "2409"]
[BlackElo "2409"]
[PlyCount "57"]
[EventDate "2015.??.??"]

1. Nf3 Nf6 2. c4 g6 3. g3 Bg7 4. Bg2 O-O 5. O-O d6 6. Nc3 c6 7. d4 Qb6 8. c5
dxc5 9. Na4 Qb5 10. Nxc5 Na6 11. a4 Qb6 12. a5 Qb5 13. Nxa6 bxa6 14. Re1 Rd8
15. e4 Bg4 16. e5 Nd5 17. h3 Bxf3 18. Bxf3 Rab8 19. Be2 Qb3 20. Bxa6 Qxd1 21.
Rxd1 Rb4 22. Be2 Nc7 23. Be3 Rxb2 24. Bf3 Nd5 25. Bxd5 Rxd5 26. Rdc1 f6 27. e6
Rd6 28. d5 Rb7 29. dxc6
1-0

[Event "Landsturneringen 2015"]
[Site "Oppsal arena, Oslo"]
[Date "2015.07.10"]
[Round "8"]
[White "Mikalsen, Erlend"]
[Black "Djurhuus, Eivind X"]
[Result "1-0"]
[WhiteElo "2334"]
[BlackElo "2149"]
[PlyCount "159"]
[EventDate "2015.??.??"]

1. e4 c5 2. Nf3 e6 3. d4 cxd4 4. Nxd4 Nc6 5. Nc3 Qc7 6. Be2 Nf6 7. O-O Be7 8.
Be3 O-O 9. f4 d6 10. Qe1 Nxd4 11. Bxd4 e5 12. Be3 exf4 13. Rxf4 Be6 14. Rd1 Qa5
15. Qd2 Rfd8 16. Nd5 Qxd2 17. Nxe7+ Kf8 18. Bxd2 Kxe7 19. Bd3 Ng4 20. b3 Ne5
21. Bf1 a6 22. a4 f6 23. h3 h5 24. Bb4 Rd7 25. Rf2 h4 26. Rfd2 Rad8 27. c4 g5
28. Be2 Nc6 29. Ba3 Ne5 30. Bh5 Bf7 31. Bxf7 Nxf7 32. Kf2 Ke6 33. Ke3 Ne5 34.
Rd5 Ng6 35. Rf5 Ne5 36. Rdf1 Rf7 37. R5f2 Rc8 38. Bb2 Rd8 39. Rd1 Rfd7 40. Rf5
Ke7 41. Rdf1 Rf8 42. c5 Rc8 43. cxd6+ Rxd6 44. Bxe5 fxe5 45. Rxe5+ Re6 46. Rxg5
Rc3+ 47. Kf4 Rxb3 48. e5 Rc6 49. Kf5 Rb4 50. Rg7+ Kf8 51. Rg4 Rxg4 52. hxg4 Ke7
53. Rb1 b5 54. axb5 Rb6 55. g5 axb5 56. Rb4 Kf7 57. Rxh4 b4 58. g6+ Rxg6 59.
Rh7+ Rg7 60. e6+ Kf8 61. Rh8+ Ke7 62. g4 Kd6 63. Rb8 Ra7 64. Rxb4 Ra1 65. Rb6+
Ke7 66. Rb7+ Ke8 67. g5 Rg1 68. Kf6 Rf1+ 69. Kg7 Re1 70. Rb6 Ke7 71. g6 Rg1 72.
Rb7+ Kxe6 73. Kh7 Kf6 74. g7 Rh1+ 75. Kg8 Re1 76. Rb6+ Ke7 77. Rh6 Rg1 78. Rh3
Kf6 79. Rf3+ Ke7 80. Rf4
1-0

[Event "Landsturneringen 2015"]
[Site "Oppsal arena, Oslo"]
[Date "2015.07.10"]
[Round "8"]
[White "Stubberud, Ørnulf"]
[Black "Hole, Øystein"]
[Result "1/2-1/2"]
[WhiteElo "2306"]
[BlackElo "2348"]
[PlyCount "73"]
[EventDate "2015.??.??"]

1. e4 c6 2. d4 d5 3. e5 c5 4. dxc5 e6 5. Be3 Nh6 6. c3 Bd7 7. Nf3 Nc6 8. Bd3 g6
9. O-O Bg7 10. Bd4 O-O 11. Nbd2 b6 12. cxb6 Nxd4 13. cxd4 Qxb6 14. Qb3 Rfb8 15.
Qxb6 Rxb6 16. b3 a5 17. Rac1 a4 18. Rc7 Bb5 19. Bxb5 Rxb5 20. Rfc1 axb3 21.
Rc8+ Rxc8 22. Rxc8+ Bf8 23. Nxb3 Rb7 24. Kf1 Kg7 25. Ke2 Ra7 26. Rc2 Be7 27. h3
f6 28. exf6+ Kxf6 29. g4 Nf7 30. Kd3 h5 31. Re2 hxg4 32. hxg4 g5 33. Ne5 Bd6
34. Nxf7 Kxf7 35. Rc2 e5 36. dxe5 Bxe5 37. f3
1/2-1/2

[Event "Landsturneringen 2015"]
[Site "Oppsal arena, Oslo"]
[Date "2015.07.10"]
[Round "8"]
[White "Fossan, Erik"]
[Black "Moen, Andreas G.R."]
[Result "0-1"]
[WhiteElo "2356"]
[BlackElo "2361"]
[PlyCount "114"]
[EventDate "2015.??.??"]

1. e4 e5 2. Bc4 Nf6 3. d3 Nc6 4. Nf3 Bc5 5. Nc3 d6 6. Bg5 h6 7. Bxf6 Qxf6 8.
Nd5 Qd8 9. c3 a6 10. d4 Ba7 11. dxe5 Nxe5 12. Nxe5 dxe5 13. Qh5 O-O 14. Qxe5
Re8 15. Qf4 Qd6 16. Qxd6 Rxe4+ 17. Ne3 cxd6 18. Bd5 Re7 19. O-O-O Bxe3+ 20.
fxe3 Be6 21. Bxe6 Rxe6 22. Rd3 Kf8 23. Rf1 Rc8 24. Rd4 Ke7 25. Rdf4 f6 26. Rg4
g5 27. Rb4 b5 28. Kd2 Rc5 29. a4 Rce5 30. axb5 axb5 31. Rf3 f5 32. h3 h5 33. g4
fxg4 34. hxg4 h4 35. Ke2 Kd7 36. Rd4 Kc6 37. Kf2 Re4 38. Rf5 Rxe3 39. Rxg5 Re2+
40. Kf3 Rxb2 41. Rh5 Rb3 42. g5 Rxc3+ 43. Kg4 Rc4 44. Rxc4+ bxc4 45. Kf5 Re8
46. g6 c3 47. Rxh4 Kc5 48. Kf6 c2 49. Rh1 Kb4 50. g7 Rg8 51. Rg1 d5 52. Ke5
Rxg7 53. Rxg7 c1=Q 54. Rb7+ Ka5 55. Rd7 Qg5+ 56. Ke6 Qg4+ 57. Kd6 Qxd7+
0-1

[Event "Landsturneringen 2015"]
[Site "Oppsal arena, Oslo"]
[Date "2015.07.10"]
[Round "8"]
[White "Nilsen, Joachim B."]
[Black "Grønn, Atle"]
[Result "1/2-1/2"]
[WhiteElo "2369"]
[BlackElo "2341"]
[PlyCount "107"]
[EventDate "2015.??.??"]

1. c4 e6 2. Nf3 Nf6 3. g3 a6 4. Bg2 b5 5. Ne5 c6 6. d4 bxc4 7. Nxc4 d5 8. Ne5
Bd6 9. Nd3 Qb6 10. e3 a5 11. Nc3 Na6 12. O-O O-O 13. Re1 c5 14. Na4 Qa7 15.
dxc5 Nxc5 16. Naxc5 Bxc5 17. Nxc5 Qxc5 18. b3 Ba6 19. Bb2 Ne4 20. Qg4 g6 21.
Bxe4 dxe4 22. Qxe4 Rad8 23. Rac1 Qd5 24. Qxd5 Rxd5 25. Red1 Rxd1+ 26. Rxd1 Bb5
27. Rc1 Ra8 28. Rc5 Be2 29. Kg2 Kf8 30. Rc7 g5 31. f3 g4 32. fxg4 Bxg4 33. Bf6
h5 34. Kf2 Kg8 35. Bc3 Bf5 36. Rc4 Bb1 37. a3 Rb8 38. b4 axb4 39. Rxb4 Rxb4 40.
axb4 Kf8 41. b5 Be4 42. Bf6 Ke8 43. Ke2 Kd7 44. Be5 Bg2 45. Kd2 Bf1 46. b6 Kc6
47. Bc7 Bg2 48. Kc3 Kc5 49. Kd3 f5 50. Bd8 Be4+ 51. Kc3 Bd5 52. Bc7 Be4 53. Kb3
Bc6 54. Kc3 {Kd4+ Kxd4}
1/2-1/2

[Event "Landsturneringen 2015"]
[Site "Oppsal arena, Oslo"]
[Date "2015.07.26"]
[Round "9"]
[White "Tari, Aryan"]
[Black "Holm, Kristian Stuvik"]
[Result "1/2-1/2"]
[WhiteElo "2499"]
[BlackElo "2398"]
[PlyCount "29"]
[EventDate "2015.??.??"]
[WhiteClock "0:35:04"]
[BlackClock "0:38:07"]

1. e4 e5 2. Nf3 Nc6 3. Bb5 f5 4. d3 fxe4 5. dxe4 Nf6 6. O-O d6 7. Nc3 Be7 8.
Qd3 Bg4 9. Nd5 O-O 10. h3 Bxf3 11. Nxe7+ Qxe7 12. Bc4+ Kh8 13. Qxf3 Nd4 14. Qd3
Nh5 15. c3 
1/2-1/2

[Event "Landsturneringen 2015"]
[Site "Oppsal arena, Oslo"]
[Date "2015.07.26"]
[Round "9"]
[White "Salomon, Johan"]
[Black "Christiansen, Johan-Sebastian"]
[Result "1/2-1/2"]
[WhiteElo "2419"]
[BlackElo "2409"]
[PlyCount "104"]
[EventDate "2015.??.??"]
[WhiteClock "0:08:07"]
[BlackClock "0:06:50"]

1. d4 d5 2. c4 dxc4 3. e4 Nf6 4. e5 Nd5 5. Bxc4 Nb6 6. Bd3 Nc6 7. Be3 Nb4 8.
Be4 f5 9. a3 N4d5 10. Bf3 Nxe3 11. fxe3 g6 12. Qb3 Bh6 13. Ne2 c6 14. Nd2 Nd5
15. Bxd5 Qxd5 16. Qxd5 cxd5 17. Nf4 e6 18. Rc1 Bd7 19. Kf2 Ke7 20. Nb1 Rhc8 21.
Rc3 Rxc3 22. Nxc3 Rc8 23. Ke2 Kf7 24. g3 Bf8 25. Kd2 Be7 26. h3 g5 27. Nh5 a5
28. g4 Kg6 29. Ng3 fxg4 30. hxg4 b5 31. Rc1 b4 32. axb4 Bxb4 33. Nh5 Bb5 34.
Nf6 a4 35. e4 Rc4 36. exd5 Rxd4+ 37. Ke3 Rd3+ 38. Ke4 Bxc3 39. bxc3 exd5+ 40.
Nxd5 Rg3 41. e6 Rxg4+ 42. Ke5 a3 43. Nc7 Bc6 44. Ra1 Rc4 45. Rxa3 g4 46. e7 g3
47. e8=Q+ Bxe8 48. Nxe8 g2 49. Ra1 Rxc3 50. Rg1 Re3+ 51. Kf4 Rxe8 52. Rxg2+ Kf6

1/2-1/2